| 000 | 00551nam a2200169 i 4500 | ||
|---|---|---|---|
| 001 | 161032 | ||
| 003 | ES-MaACL | ||
| 005 | 20230906212200.0 | ||
| 008 | 041008s1883 it |||| | ita d | ||
| 100 | 1 |
_aOrano, Giuseppe. _9130663 |
|
| 245 | 1 | 3 |
_aLa recidiva nei reati _b: studio sperimentale / _cGiuseppe Orano. |
| 260 |
_aRoma : _b[s.n.], _c1883 ( _fVoghera Carlo, tip. di S.M.) |
||
| 300 |
_aXII, 298 p. ; _c23 cm. |
||
| 650 | 0 | 4 |
_aReincidencia. _916775 |
| 752 |
_aItalia - _dRoma |
||
| 852 |
_aES-MaACL _jD-198 _z- Enc. hol. _z. - Donativo Lastres |
||
| 999 |
_c161032 _d161032 |
||